000 04317nam a2200481 a 4500
001 000103751
003 CHAP
005 20241108144942.0
007 ca ||||||a|c|a
008 110111s2010 mx r 00010 spa d
035 _a111873
040 _cCHAP
090 _aTesis
100 1 _aGarcía Peña, Rubén Saul.
_946437
245 1 0 _aEfecto de diferentes películas plásticas en el ambiente del invernadero y comportamiento de pimiento morrón (Capsicum annumu L.) en sistema hidropónico
_c/por Rubén Saúl García Peña ; director de tesis Esaú del Carmen Moreno Pérez.
260 _aChapingo, Méx. :
_bEl autor,
_c2010.
300 _a1 recurso en línea (77 páginas).
_bcuadros, figuras.
336 _2rdacontent
_atexto
_btxt
337 _2rdamedia
_acomputadora
_bc
338 _2rdacarrier
_arecurso en línea
_bcr
502 _bIAAF
_cFitotecnia
_d2010.
_gLIC
520 _aSe estudió el ambiente en invernaderos tipo capilla generado por tres plásticos utilizados como cubierta y el comportamiento agronómico del cultivo de Pimiento morrón cv. Orion en condiciones hidropónicas en Texcoco, Estado de México. El cultivo se condujo a dos tallos despuntándolo al formarse la cuarta bifurcación de cada tallo, se manejó una nutrición balanceada suministrada con riego por goteo empleando como sustrato tezontle rojo. Los plásticos utilizados fueron a) Tinuvin 494 AR, con estabilizador contra luz ultravioleta, transparente, b) Plástico con formulación en base Níquel, con estabilizador contra luz ultravioleta, de color verde, y c) Nuevo Smart Light, con estabilizador contra luz ultravioleta, de color amarillo. Dentro y fuera del invernadero se midió la radiación ultravioleta y la intensidad de la radiación para poder determinar la transmisión de luz ultravioleta, transmisión y difusión de luz visible (%), y radiación media y acumulada que permite cada plástico. Con apoyo de Datalogers se midió dentro de cada invernadero la Temperatura y Humedad Relativa promedio de días y noches nubladas y despejadas. En el cultivo se midió altura de planta, diámetro de tallo, ancho de planta, peso seco de tallo y hoja, área foliar de planta, días a antesis de la primera flor, días a inicio de cosecha, peso medio de fruto, largo y ancho de fruto, número de frutos por planta, y rendimiento por unidad de superficie. Los resultados mostraron que el plástico a base de níquel presentó mayor difusión y menor transmisión de luz visible, menor temperatura y humedad relativa nocturna, mayor altura de planta, mas días a inicio de cosecha, frutos con menor peso y menor rendimiento por unidad de superficie; el plástico transparente tuvo menor difusión y mayor transmisión de luz visible, mayor transmisión de luz ultravioleta, mayor radiación media y acumulada, mayor temperatura en días soleados y nublados, mayor temperatura nocturna, menor humedad relativa diurna, menor altura de planta, menor ancho de planta y menor área foliar; mientras que el plástico amarillo presentó menor transmisión de luz ultravioleta, menor temperatura en días soleados y nublados, menor temperatura en noches nubladas y despejadas, mayor humedad relativa en días nublados y despejados, mayor humedad relativa nocturna, mayor diámetro de tallo, plantas más anchas, mayor área foliar, frutos más anchos y largos y con mayor peso, y mayor rendimiento por unidad de superficie.
590 _aALEPH
_b10
_c20130110
590 _aBATCH-UPD
_b10
_c20130110
590 _aBATCH-UPD
_b10
_c20130410
590 _aBATCH-UPD
_b10
_c20130914
590 _aBATCH-UPD
_b10
_c20140324
590 _aBATCH-UPD
_b10
_c20141002
590 _aCONVERSION
_b10
_c20130109
590 _aE11695DGD
_b10
_c20160504
650 1 4 _aChile pimiento.
_922473
650 1 4 _aCultivos en invernadero.
_930376
650 1 4 _aPlásticos en agricultura.
_989199
650 1 4 _aTemperatura
_xEfecto en chile.
_9112189
700 0 _aMoreno Pérez, Esau del Carmen
_978678
_eDirector de tesis.
856 _uhttp://10.13.5.2/tesis/111873.pdf
_zDESCARGAR PDF
901 _aBK
942 _cTD
949 _aTesis
_bBC
_cTES
_d33724002226421
_eTS1
_gDonaciØn
_h51693
_i111873
_sb
949 _aTesis
_bBC
_cTES
_d33724002227199
_eTS2
_fc.2
_gDonaciØn
_h51694
_i111873
_sb
999 _c100214
_d100214